[Event "GER GM06-B email"]
[Site "GER email"]
[Date "2017.06.26"]
[Round "?"]
[White "Acevedo Villalba, Angel"]
[Black "Krivic, Davor"]
[Result "1/2-1/2"]
[WhiteElo "2531"]
[BlackElo "2508"]
[PlyCount "50"]
[EventDate "2017.??.??"]
[EventType "tourn (corr)"]
[EventRounds "13"]
[EventCountry "GER"]
[SourceTitle "Corr 2020"]
[Source "ChessBase"]
[SourceDate "2019.09.30"]
[SourceVersion "1"]
[SourceVersionDate "2019.09.30"]
[SourceQuality "1"]

1. d4 d5 2. c4 c6 3. Nf3 Nf6 4. Nc3 dxc4 5. a4 Bf5 6. e3 e6 7. Bxc4 Bb4 8. 0-0 Nbd7 9. Nh4 0-0 10. f3 Bg6 11. Kh1 Qb6 12. e4 Rad8 13. Ba2 Rfe8 14. Be3 c5 15. d5 Ne5 16. Rb1 Bxc3 17. bxc3 Qa6 18. Nxg6 hxg6 19. Bxc5 exd5 20. exd5 Nd3 21. Bxa7 Nxd5 22. Bxd5 Rxd5 23. Bd4 Nf4 24. Qb3 Qe2 25. Rg1 Rg5 1/2-1/2

[Event "GER GM06-B email"]
[Site "GER email"]
[Date "2017.06.26"]
[Round "?"]
[White "Bubir, Alex Nikolaevich"]
[Black "Krivic, Davor"]
[Result "1/2-1/2"]
[WhiteElo "2536"]
[BlackElo "2508"]
[PlyCount "58"]
[EventDate "2017.??.??"]
[EventType "tourn (corr)"]
[EventRounds "13"]
[EventCountry "GER"]
[SourceTitle "Corr 2020"]
[Source "ChessBase"]
[SourceDate "2019.09.30"]
[SourceVersion "1"]
[SourceVersionDate "2019.09.30"]
[SourceQuality "1"]

1. d4 d5 2. c4 c6 3. Nf3 Nf6 4. Nc3 e6 5. Bg5 h6 6. Bh4 dxc4 7. e4 g5 8. Bg3 b5 9. Be2 Bb7 10. h4 g4 11. Ne5 Nbd7 12. Nxd7 Qxd7 13. Be5 Qe7 14. b3 Rg8 15. 0-0 Bg7 16. Qc2 Nh5 17. Bxg7 Rxg7 18. g3 Qd6 19. e5 Qxd4 20. Ne4 Qxe5 21. Rad1 Kf8 22. Rfe1 c5 23. Bxc4 bxc4 24. Nd6 Qf6 25. Nxb7 Qf3 26. Qd2 Qxb7 27. Qxh6 Nxg3 28. fxg3 Kg8 29. bxc4 Qf3 1/2-1/2

[Event "GER GM06-B email"]
[Site "GER email"]
[Date "2017.06.26"]
[Round "?"]
[White "De Oliveira, Joao Carlos"]
[Black "Krivic, Davor"]
[Result "1/2-1/2"]
[WhiteElo "2573"]
[BlackElo "2508"]
[PlyCount "86"]
[EventDate "2017.??.??"]
[EventType "tourn (corr)"]
[EventRounds "13"]
[EventCountry "GER"]
[SourceTitle "Corr 2020"]
[Source "ChessBase"]
[SourceDate "2019.09.30"]
[SourceVersion "1"]
[SourceVersionDate "2019.09.30"]
[SourceQuality "1"]

1. d4 d5 2. c4 c6 3. Nf3 Nf6 4. e3 Bf5 5. Nc3 e6 6. Nh4 Bg6 7. Qb3 Qc7 8. a3 Be7 9. Nxg6 hxg6 10. g3 Nbd7 11. Bg2 0-0 12. 0-0 a5 13. cxd5 exd5 14. Re1 Nb6 15. f3 a4 16. Qd1 Rfd8 17. Bf1 Qc8 18. Kg2 Ne8 19. Bd3 Nd6 20. Bc2 c5 21. Nxa4 Nxa4 22. Bxa4 Bf6 23. dxc5 Qxc5 24. Bc2 Rac8 25. Re2 g5 26. Bd3 Nc4 27. Rb1 g6 28. a4 Qb6 29. b3 Ne5 30. Bb2 g4 31. fxg4 Nxg4 32. Re1 Bxb2 33. Qxg4 Bg7 34. b4 Rc3 35. a5 Qd6 36. Qe2 Ra3 37. Red1 Rc8 38. b5 Rcc3 39. a6 bxa6 40. bxa6 Qe6 41. Rbc1 d4 42. e4 Ra2 43. Rd2 Rxa6 1/2-1/2

[Event "GER GM06-B email"]
[Site "GER email"]
[Date "2017.06.26"]
[Round "?"]
[White "Krivic, Davor"]
[Black "Dunlop, Gordon"]
[Result "1/2-1/2"]
[WhiteElo "2508"]
[BlackElo "2511"]
[PlyCount "103"]
[EventDate "2017.??.??"]
[EventType "tourn (corr)"]
[EventRounds "13"]
[EventCountry "GER"]
[SourceTitle "Corr 2020"]
[Source "ChessBase"]
[SourceDate "2019.09.30"]
[SourceVersion "1"]
[SourceVersionDate "2019.09.30"]
[SourceQuality "1"]

1. Nf3 Nf6 2. c4 e6 3. g3 d5 4. d4 dxc4 5. Bg2 a6 6. 0-0 Nc6 7. e3 Bd7 8. Qe2 Bd6 9. Qxc4 0-0 10. Nbd2 Re8 11. Rd1 Qe7 12. Qc2 Rad8 13. Nc4 e5 14. dxe5 Bxe5 15. Bd2 Bg4 16. h3 Bh5 17. Be1 Nd7 18. Ncxe5 Ncxe5 19. g4 Nxf3+ 20. Bxf3 Ne5 21. Bg2 Bg6 22. e4 Nc6 23. f3 h5 24. Bg3 hxg4 25. hxg4 Nd4 26. Qf2 Nc6 27. Bf1 f6 28. b3 Ne5 29. Kg2 Bf7 30. Rac1 g5 31. Qb2 Kg7 32. Qc3 c6 33. Bf2 Qc7 34. Bg3 Qe7 35. Be2 Rh8 36. a4 Ng6 37. b4 Nf4+ 38. Bxf4 gxf4 39. b5 axb5 40. axb5 Rxd1 41. Rxd1 Rc8 42. bxc6 Rxc6 43. Qb2 Rc5 44. Rb1 Qd7 45. Rc1 Rxc1 46. Qxc1 Qd6 47. Qb2 b6 48. g5 Kg6 49. gxf6 Qxf6 50. e5 Qc6 51. Qb4 Kf5 52. Qe7 1/2-1/2

[Event "GER GM06-B email"]
[Site "GER email"]
[Date "2017.06.26"]
[Round "?"]
[White "Krivic, Davor"]
[Black "Goncharenko, Georgy"]
[Result "1/2-1/2"]
[WhiteElo "2508"]
[BlackElo "2493"]
[PlyCount "91"]
[EventDate "2017.??.??"]
[EventType "tourn (corr)"]
[EventRounds "13"]
[EventCountry "GER"]
[SourceTitle "Corr 2020"]
[Source "ChessBase"]
[SourceDate "2019.09.30"]
[SourceVersion "1"]
[SourceVersionDate "2019.09.30"]
[SourceQuality "1"]

1. Nf3 Nf6 2. c4 c6 3. d4 d5 4. Nc3 e6 5. Bg5 h6 6. Bxf6 Qxf6 7. Qb3 dxc4 8. Qxc4 Nd7 9. e3 g6 10. Ne4 Qe7 11. Ne5 Qb4+ 12. Qxb4 Bxb4+ 13. Ke2 Be7 14. f3 Nxe5 15. dxe5 Bd7 16. Kf2 0-0-0 17. Rc1 Kc7 18. Rc2 Bc8 19. h4 g5 20. Bc4 a6 21. a4 b6 22. Nf6 Bb7 23. b3 Bxf6 24. exf6 Kd6 25. f4 gxf4 26. exf4 Kc7 27. g4 Rd4 28. Kg3 c5 29. Re1 Bd5 30. Bxd5 Rxd5 31. Re3 Rg8 32. Kf3 Kc6 33. Rc1 b5 34. axb5+ axb5 35. Ra1 Kb6 36. Ra2 Rh8 37. Rae2 Kc6 38. Re1 Rd4 39. Ra1 Kb6 40. Rc1 b4 41. Kg3 Kb5 42. Kf3 Kc6 43. Re5 Rd3+ 44. Re3 Rd4 45. Re5 Rd3+ 46. Ke2 1/2-1/2

[Event "GER GM06-B email"]
[Site "GER email"]
[Date "2017.06.26"]
[Round "?"]
[White "Schmid, Pablo"]
[Black "Krivic, Davor"]
[Result "1/2-1/2"]
[WhiteElo "2529"]
[BlackElo "2508"]
[PlyCount "61"]
[EventDate "2017.??.??"]
[EventType "tourn (corr)"]
[EventRounds "13"]
[EventCountry "GER"]
[SourceTitle "Corr 2020"]
[Source "ChessBase"]
[SourceDate "2019.09.30"]
[SourceVersion "1"]
[SourceVersionDate "2019.09.30"]
[SourceQuality "1"]

1. e4 e5 2. Nf3 Nc6 3. Bb5 a6 4. Ba4 Nf6 5. 0-0 Be7 6. Re1 b5 7. Bb3 0-0 8. c3 d5 9. exd5 Nxd5 10. Nxe5 Nxe5 11. Rxe5 c6 12. Re1 Bd6 13. d4 Qh4 14. g3 Qh3 15. Qe2 Bg4 16. Qf1 Qh5 17. Nd2 Rae8 18. f3 Rxe1 19. Qxe1 Bxf3 20. Nxf3 Qxf3 21. Bd2 Qg4 22. Qd1 Qd7 23. Qf3 Re8 24. a4 Bf8 25. h4 Re6 26. axb5 axb5 27. Bc2 g6 28. Bb3 Rf6 29. Qe2 Re6 30. Qf3 Rf6 31. Qe2 1/2-1/2

[Event "GER GM06-B email"]
[Site "GER email"]
[Date "2017.06.26"]
[Round "?"]
[White "Tauber, Hans"]
[Black "Krivic, Davor"]
[Result "1/2-1/2"]
[WhiteElo "2539"]
[BlackElo "2508"]
[PlyCount "70"]
[EventDate "2017.??.??"]
[EventType "tourn (corr)"]
[EventRounds "13"]
[EventCountry "GER"]
[SourceTitle "Corr 2020"]
[Source "ChessBase"]
[SourceDate "2019.09.30"]
[SourceVersion "1"]
[SourceVersionDate "2019.09.30"]
[SourceQuality "1"]

1. e4 e5 2. Nf3 Nc6 3. Bb5 a6 4. Ba4 Nf6 5. 0-0 Be7 6. Re1 b5 7. Bb3 0-0 8. c3 d5 9. exd5 Nxd5 10. Nxe5 Nxe5 11. Rxe5 c6 12. d3 Bd6 13. Re1 Bf5 14. Qf3 Qh4 15. g3 Qh3 16. Bxd5 Bg4 17. Qg2 cxd5 18. Qxh3 Bxh3 19. Nd2 b4 20. cxb4 Bxb4 21. a3 Bd6 22. Nf3 a5 23. Bd2 Bf5 24. Bc3 Rfc8 25. Red1 f6 26. Rd2 Kf7 27. Nd4 Bd7 28. Ne2 h5 29. h4 Bg4 30. Nd4 a4 31. Kg2 Rab8 32. f3 Bd7 33. Ne2 Bf5 34. Bd4 Rb3 35. Nc3 Rcb8 1/2-1/2